Wings of Fire: The Dragonet Prophecy - Statistics

General Stats
  • This quiz has been taken 371 times
  • The average score is 111 of 143
Answer Stats
Answer % Correct
the
98%
the
98%
The
98%
dragon
97%
When
97%
of
96%
of
96%
Of
96%
a
95%
egg
95%
die
93%
night
93%
night,
93%
to
93%
to
93%
Wings
93%
wings
93%
an
92%
come.
92%
come
92%
shall
92%
and
91%
And
91%
blue.
91%
dragonets
91%
will
91%
blood
90%
blood.
90%
is
90%
sky.
90%
deepest
88%
high
88%
you.
88%
you
88%
in
87%
twenty
87%
war
87%
has
86%
lasted
86%
years...
86%
SeaWing
84%
mountain
83%
Find
82%
mud
82%
tears...
82%
largest
81%
land
80%
soaked
80%
two
80%
give
75%
on
72%
color
69%
blister
68%
burn,
67%
For
67%
for
67%
blaze
66%
queens,
65%
queens
65%
SandWing
65%
hidden
64%
learn
64%
search
62%
three
62%
who
62%
one
61%
through
60%
from
59%
earth
57%
unseen.
56%
rival
55%
fire.
54%
awaits
52%
power
51%
she
51%
that
50%
bows
49%
higher
49%
if
49%
fate
46%
are
45%
brightest
45%
stronger
45%
alone
44%
coming. ...
43%
Five
42%
five
42%
end
39%
fight.
39%
bring
36%
have
36%
born
34%
dragons
34%
eggs
31%
hatch
30%
she'll
30%
Darkness
26%
light.
25%
rise
24%
No matching quizzes found
Score Distribution
Percent of People with Each Score
Percentile by Number Answered
Your Score History
You have not taken this quiz